Subdivision Flag Maps - Statistics

General Stats
  • This quiz has been taken 177 times
  • The average score is 10 of 12
Answer Stats
Picture Answer % Correct
Texas
98%
Wales
97%
Quebec
93%
Catalonia
90%
Tibet
89%
Sicily
88%
French Guiana
84%
Bavaria
81%
Tasmania
80%
Hokkaido
72%
São Paulo
61%
Balochistan
44%
No matching quizzes found
Score Distribution
Percent of People with Each Score
Percentile by Number Answered
Your Score History
You have not taken this quiz